Le document video dans la classe de langues

Αποθηκεύτηκε σε:
Λεπτομέρειες βιβλιογραφικής εγγραφής
Κύριος συγγραφέας: Lancien, Thierry
Μορφή: Βιβλίο
Γλώσσα:French
Δημοσίευση: Paris : CLE International, [19--]
Σειρά:Techniques de classe
Θέματα:
Ετικέτες: Προσθήκη ετικέτας
Δεν υπάρχουν, Καταχωρήστε ετικέτα πρώτοι!

MARC

LEADER 00000nam a2200000 i 4500
001 1/10927
008 000906q fre d
035 |l 10063640 
040 |a GR-MY-UA  |b gre  |e aacr 
041 0 |a fre 
082 0 |a 448 
100 1 |a Lancien, Thierry. 
245 1 3 |a Le document video dans la classe de langues /  |c Thierry Lancien 
260 |a Paris :   |b CLE International,   |c [19--] 
300 |a 144 p.;  |c 24 cm 
490 1 |a Techniques de classe 
650 0 0 |a French language  |x Study and teaching  |x Audio-visual aids. 
830 0 |a Techniques de classe 
852 |a INST  |b RHODES  |e 20000906  |h 448 LAN  |p 005400008623  |q 005400008623  |t BK  |y 0 
909 |a Ρ  |b 013759 
922 |a 4ΕΛΗ  |b 198901 
970 |z 2000/09/ΣΟΦΙΑ